000 00705nam a2200241Ia 4500
003 OSt
005 20220923223644.0
006 a|||||r|||| 00| 0
007 ta
008 Pun
024 _a219,597
037 _cTextual
040 _aARTS
_cARTS
_bPun
041 _2Pun
_aPun
082 _aO153,3M97,PP, J4;P2
100 _aਸਿੰਘ, ਨਾਨਕ
245 0 _aਪਵਿੱਤਰ ਪਾਪੀ
260 _aਅੰਮ੍ਰਿਤਸਰ
_b ਲੋਕ ਸਾਹਿੱਤ ਪ੍ਰਕਾFਨ
_c2002
300 _a167ਪੰ
_ccm.
650 _aਪੰਜਾਬੀ ਸਾਹਿਤ
942 _hO153,3M97,PP, J4;P2
_cTEXL
_2CC
999 _c366660
_d366660